Catalogue des objects d´arts et de haute curiosite de la renaissance tableaux, tapisseries composant la collection de M. Emile Gavet. (Record no. 4697)
[ view plain ]
| 000 -CABECERA | |
|---|---|
| campo de control de longitud fija | 00895nam a2200253 a 4500 |
| 001 - NÚMERO DE CONTROL | |
| campo de control | BRCA_5003 |
| 005 - FECHA Y HORA DE LA ÚLTIMA TRANSACCIÓN | |
| campo de control | 20190320204910.0 |
| 008 - DATOS DE LONGITUD FIJA--INFORMACIÓN GENERAL | |
| campo de control de longitud fija | 281010s1897----fr-a######---#000-0#fre-# |
| 041 ## - CÓDIGO DE LENGUA | |
| Código de lengua del texto/banda sonora o título independiente | fre |
| 044 ## - CÓDIGO DEL PAÍS DE LA ENTIDAD EDITORA/PRODUCTORA | |
| Código MARC del país | fr |
| 050 #4 - SIGNATURA TOPOGRÁFICA DE LA BIBLIOTECA DEL CONGRESO | |
| Número de clasificación | N6370.G3 |
| Número de documento/Ítem | .C37 1897 |
| 245 10 - MENCIÓN DE TÍTULO | |
| Título | Catalogue des objects d´arts et de haute curiosite de la renaissance tableaux, tapisseries composant la collection de M. Emile Gavet. |
| 260 ## - PUBLICACIÓN, DISTRIBUCIÓN, ETC. | |
| Lugar de publicación, distribución, etc. | París |
| Nombre del editor, distribuidor, etc. | E. Moreau |
| Fecha de publicación, distribución, etc. | 1897 |
| 300 ## - DESCRIPCIÓN FÍSICA | |
| Extensión | 211 p. |
| Otras características físicas | il. |
| Dimensiones | 35 cm. |
| 500 ## - NOTA GENERAL | |
| Nota general | Venta realizada en la Galería ´Georges Petit´ del lunes 31 de mayo al miércoles 9 de junio de 1897 |
| 500 ## - NOTA GENERAL | |
| Nota general | D109 |
| 600 14 - PUNTO DE ACCESO ADICIONAL DE MATERIA--NOMBRE DE PERSONA | |
| Nombre de persona | Gavet, Emile M. |
| Subdivisión general | Colecciones de arte |
| 9 (RLIN) | 12759 |
| 650 14 - PUNTO DE ACCESO ADICIONAL DE MATERIA--TÉRMINO DE MATERIA | |
| Término de materia o nombre geográfico como elemento de entrada | Arte renacentista |
| 9 (RLIN) | 7760 |
| 650 14 - PUNTO DE ACCESO ADICIONAL DE MATERIA--TÉRMINO DE MATERIA | |
| Término de materia o nombre geográfico como elemento de entrada | Coleccionistas y colecciones |
| Subdivisión general | Arte |
| 9 (RLIN) | 12014 |
| 650 14 - PUNTO DE ACCESO ADICIONAL DE MATERIA--TÉRMINO DE MATERIA | |
| Término de materia o nombre geográfico como elemento de entrada | Galerías de arte |
| Subdivisión geográfica | Francia |
| 9 (RLIN) | 12760 |
| 710 2# - PUNTO DE ACCESO ADICIONAL--NOMBRE DE ENTIDAD CORPORATIVA | |
| Nombre de entidad corporativa o nombre de jurisdicción como elemento de entrada | Galerie Georges Petit |
| 9 (RLIN) | 12761 |
| 902 ## - CATALOGADOR | |
| Iniciales | GFM |
| 942 ## - ELEMENTOS DE PUNTO DE ACCESO ADICIONAL (KOHA) | |
| Fuente del sistema de clasificación o colocación | Library of Congress Classification |
| Tipo de ítem Koha | Libros |
| Estado de retiro | Estado de pérdida | Estado dañado | No para préstamo | Localización permanente | Ubicación/localización actual | Fecha de adquisición | Número de inventario | Total de préstamos | Signatura topográfica completa | Código de barras | Fecha visto por última vez | Precio válido a partir de | Tipo de ítem Koha |
|---|---|---|---|---|---|---|---|---|---|---|---|---|---|
| El ejemplar forma parte de la colección y puede ser consultado según las políticas vigentes. | Biblioteca del Museo Franz Mayer (Rogerio Casas-Alatriste) | Biblioteca del Museo Franz Mayer (Rogerio Casas-Alatriste) | 28/10/2010 | D109 | N6370.G3 .C37 1897 (D109) | 5087 | 22/03/2019 | 22/03/2019 | Libros |